000 00506nam a2200181Ia 4500
003 GCL
008 140319s9999 xx 000 0 eng d
040 _aGCL /
_cGCL
082 0 4 _a781.11
_bH D
100 1 _aHARGREASES, DABID
245 1 0 _aTHE DEVELOPMENTAL PSYCHOLOGY OF MUSIC /
_cHARGREASES, DABID
260 _a[S.N] :
_bCAMLRIDGE UNIVERSITY PRESS ،
_c1992
300 _a260
650 0 4 _aCHILD PSYCHOLOGY
650 0 4 _aMUSIC - PSYCHOLOGY
650 0 4 _aSEVELAPMENTAL PSYCHOLOGY
942 _2ddc
_cBK
999 _c17921
_d17921